| 000 | 00453cam a2200181ua 4500 | ||
|---|---|---|---|
| 001 | 3162 | ||
| 008 | 111010n ii |||gr||||Z||||||asm | ||
| 040 | _cMAIN | ||
| 082 | _a891.4513 | ||
| 100 | 1 | _aBarthakur, Anandeswar, | |
| 245 | 1 | 1 |
_aKalchakra : _bsandhikshan / _cby Anandeswar Barthakur |
| 250 | _a1st. | ||
| 260 |
_aGuahati: _bLawyers book stall,997. |
||
| 300 |
_a521p: _c23cm. |
||
| 653 | _aAssamese novel | ||
| 653 | _aKalchakra | ||
| 942 | _cBK | ||
| 999 |
_c3008 _d3008 |
||